Iron-Binary Phase Diagrams /

Gespeichert in:
Bibliographische Detailangaben
1. Verfasser: Kubaschewski, Ortrud (Verfasst von)
Format: Buch
Sprache:Englisch
Veröffentlicht: Berlin : Springer Verlag, 1982
Schlagworte:
Tags: Tag hinzufügen
Keine Tags, Fügen Sie das erste Tag hinzu!

MARC

LEADER 00000nam a22000003a 4500
001 stu44548
005 20150617225718.4
008 950424s1982----gw------------------eng-d
020 |a 3-540-11711-3 
040 |a STU  |b slo 
041 0 |a eng 
044 |a gw 
080 |a 669.14 
100 1 |a Kubaschewski, Ortrud  |4 aut 
245 1 |a Iron-Binary Phase Diagrams /  |c [aut.]Ortrud Kubaschewski 
260 |a Berlin :  |b Springer Verlag,  |c 1982 
300 |a 185 s 
650 7 |a oceľ  |2 stusub 
996 |b 284M025783  |c M*9104-1  |l MMKN  |s A  |a 24  |w stu44548_0001